000 01070cam a22002775a 4500
001 18209581
005 20180513123006.0
008 140702t2014 au a frb 001 0 eng d
020 _a9783709117965
040 _aDLC
_beng
_cDLC
_dDLC
_dEG-ScBUE
082 0 4 _222
_a006.754
_bSOC
245 0 0 _aSocial networks :
_banalysis and case studies /
_ceditors Şule Gündüz-Öğüdücü, A. Şima Etaner-Uyar.
260 _aWien :
_bSpringer,
_cc.2014.
300 _axx, 249 p. :
_bill. ;
_c24 cm.
490 0 _aLecture Notes in Social Networks
504 _aIncludes bibliographical references and index.
650 7 _2BUEsh
_932891
_aSocial media.
650 0 _2BUEsh
_914611
_aOnline social networks.
651 _2BUEsh
653 _bCOMSCI
_cMay2018
700 1 _aGündüz-Ögüdücü, Şule,
_eeditor.
700 1 _aEtaner-Uyar, A. Şima,
_eeditor.
856 4 2 _3Publisher description
_uhttp://www.loc.gov/catdir/enhancements/fy1411/2014944729-d.html
856 4 1 _3Table of contents only
_uhttp://www.loc.gov/catdir/enhancements/fy1411/2014944729-t.html
942 _2ddc
999 _c26701
_d26673